Noem alle bijzonderheden over de provincie Zeeland - Statistieken

Algemene statistieken
  • Deze quiz is 14 keer genomen
    7 sinds de laatste reset
  • De gemiddelde score is 7 van 21
Antwoordstatistieken
Hint Antwoord % Correct
B Bolus
86%
M Middelburg
86%
O Oosterschelde
57%
V Veere
57%
W Westerschelde
57%
B Babbelaar
43%
D Deltawerken
43%
D Domburg
43%
M Mossel
43%
Z Zeeuw
43%
V Veersemeer
29%
Z Zeelandbrug
29%
Z Zeeuws Vlaanderen
29%
G Grevelingen
14%
K Klederdracht
14%
L Lange Jan
14%
R Ringrijden
14%
S Stormvloedkering
14%
M Miniatuur Walcheren
0%
R Renesse
0%
S Stranden
0%
Geen overeenkomende quizzen gevonden
Scoreverdeling
Procent van Mensen met Elke Score
Percentiel versus Aantal Correcte Antwoorden
Uw Scoregeschiedenis
U heeft deze quiz nog niet genomen sinds de laatste reset